| 000 | 00853nam a2200241 a 4500 | ||
|---|---|---|---|
| 001 | 32374 | ||
| 003 | BD-RjUL | ||
| 005 | 20211209051827.0 | ||
| 008 | 181010r19651957pk 00110 eng d | ||
| 035 | _a(BD-RjUL)32463 | ||
| 035 | _a2417083 | ||
| 040 |
_aBD-RjUL _beng _cBD-RjUL _dBD-RjUL |
||
| 041 | _aeng | ||
| 082 |
_a297.14 _bBAD Pt-2 1958-1965 |
||
| 100 | 1 |
_aBaillie, Neil Benjamin Edmonstone, _d-1883. _998498 |
|
| 245 | 1 | 2 |
_aA digest of Moohummudan law : _bcompiled and translated from authorities in the original Arabic / |
| 260 |
_aLahore : _bPremier Book House, _c1957 [Impression 1958, 1965]. |
||
| 300 |
_a pt. ; _c22 cm. |
||
| 504 | _aIncludes index. | ||
| 505 | 0 | _aPart 2, Containing the doctrines of the Imameea code of jurisprudence on the most important of the same subjects -- | |
| 650 | 0 |
_aIslamic law. _998499 |
|
| 942 |
_2ddc _cBK |
||
| 999 |
_c32374 _d32374 |
||